[Event "AUTO-MASTER-2894"]
[Site "http://www.queenalice.com/game.php?id=1590737"]
[Date "2019.11.20"]
[Round "1"]
[White "sfinx"]
[Black "jupar"]
[Result "1-0"]
[WhiteElo "2146"]
[BlackElo "2108"]

1. e4 e5 2. Nf3 Nc6 3. Bb5 Nf6 4. d3 Bc5 5. c3 a6 6. Bxc6 dxc6 7. Nxe5 O-O 8.
Nf3 Bg4 9. O-O Re8 10. Re1 Qe7 11. Nbd2 Rad8 12. d4 Ba7 13. h3 Bxf3 14. Nxf3 h6
15. Qb3 b5 16. a4 Bb6 17. Ne5 Rd6 18. Nd3 Nxe4 19. f3 Qg5 20. Bxg5 1-0

[Event "AUTO-MASTER-2894"]
[Site "http://www.queenalice.com/game.php?id=1590738"]
[Date "2019.11.20"]
[Round "1"]
[White "jupar"]
[Black "sfinx"]
[Result "0-1"]
[WhiteElo "2157"]
[BlackElo "2203"]

1. e4 e5 2. Nf3 Nc6 3. d4 exd4 4. Nxd4 Bc5 5. c3 Nf6 6. Bg5 O-O 7. Bb5 h6 8. Bh4
g5 9. Bg3 Nxe4 10. O-O Bb6 11. Nd2 Nxg3 12. hxg3 Nxd4 13. cxd4 Bxd4 14. Ne4 Bxb2
15. Qb3 Bxa1 16. Rxa1 c6 17. Bd3 d5 18. Nd2 c5 19. Qc2 c4 20. Be2 Re8 21. Bh5
Qf6 22. Nf3 Qxa1+ 23. Kh2 g4 24. Nh4 Re1 25. Bxf7+ Kf8 26. Ng6+ Kg7 0-1

[Event "AUTO-MASTER-2894"]
[Site "http://www.queenalice.com/game.php?id=1590739"]
[Date "2019.11.20"]
[Round "1"]
[White "sfinx"]
[Black "mvson33"]
[Result "1-0"]
[WhiteElo "2198"]
[BlackElo "1862"]

1. e4 c5 2. Nf3 Nc6 3. d4 cxd4 4. Nxd4 d6 5. c4 Nxd4 6. Qxd4 Nf6 7. Nc3 g6 8.
Be2 Bg7 9. O-O O-O 10. Qd3 Bd7 11. Be3 Rc8 12. Bd4 Bc6 13. b4 Bd7 14. Rfd1 Bc6
15. Qe3 Qc7 16. e5 dxe5 17. Bxa7 1-0

[Event "AUTO-MASTER-2894"]
[Site "http://www.queenalice.com/game.php?id=1590740"]
[Date "2019.11.20"]
[Round "1"]
[White "mvson33"]
[Black "sfinx"]
[Result "0-1"]
[WhiteElo "1869"]
[BlackElo "2176"]

1. Nf3 Nf6 2. d4 d5 3. Bf4 c5 4. e3 Nc6 5. dxc5 e6 6. Nc3 Bxc5 7. Be2 O-O 8. O-O
Re8 9. Ne5 Bd6 10. Bg3 Bxe5 11. Bxe5 Nxe5 12. Rc1 a6 13. Qd4 Nc6 14. Qd1 e5 15.
f3 Qb6 16. Kf2 d4 17. exd4 Nxd4 0-1

[Event "AUTO-MASTER-2894"]
[Site "http://www.queenalice.com/game.php?id=1590741"]
[Date "2019.11.20"]
[Round "1"]
[White "sfinx"]
[Black "junipero"]
[Result "1-0"]
[WhiteElo "2225"]
[BlackElo "2098"]

1. e4 c5 2. Nf3 Nc6 3. d4 cxd4 4. Nxd4 e5 5. Nb5 d6 6. c4 a6 7. N5c3 Nf6 8. Bd3
Be7 9. b3 O-O 10. O-O Bg4 11. f3 Bd7 12. Be3 h6 13. a3 Qa5 14. Ne2 b5 15. Nbc3
Rac8 16. b4 Qd8 17. cxb5 axb5 18. Bxb5 Qc7 19. Qd3 Na7 20. Bxd7 Qxd7 21. b5 Qb7
22. a4 Nd7 23. a5 Nc5 24. Qd5 Qb8 25. Rfb1 Nd7 26. b6 Nc6 27. b7 Rc7 28. a6 Na7
29. Nb5 Nxb5 30. Rxb5 Nf6 31. Qb3 Rc5 32. Bxc5 dxc5 33. a7 1-0

[Event "AUTO-MASTER-2894"]
[Site "http://www.queenalice.com/game.php?id=1590742"]
[Date "2019.11.20"]
[Round "1"]
[White "junipero"]
[Black "sfinx"]
[Result "0-1"]
[WhiteElo "2000"]
[BlackElo "2183"]

1. d4 Nf6 2. c4 e6 3. Nc3 Bb4 4. Bd2 O-O 5. e3 b6 6. Nf3 d5 7. cxd5 exd5 8. a3
Bd6 9. g3 Re8 10. Bg2 Ba6 11. b4 Bc4 12. Na4 Ne4 13. Bc1 a5 14. bxa5 Nc6 15.
axb6 Bb5 16. bxc7 Bxc7 17. Nc5 Ba5+ 18. Bd2 Nxd2 19. Nxd2 Nxd4 20. Nb7 Qg5 21.
Nxa5 Rxe3+ 0-1

[Event "AUTO-OPEN-4099"]
[Site "http://www.queenalice.com/game.php?id=1601297"]
[Date "2020.3.1"]
[Round "2"]
[White "sfinx"]
[Black "RaulSoft"]
[Result "1/2-1/2"]
[WhiteElo "2340"]
[BlackElo "2639"]

1. g3 d5 2. Nf3 g6 3. Bg2 Bg7 4. d4 Nf6 5. O-O O-O 6. c4 c6 7. b3 Bf5 8. e3 Nbd7
9. Bb2 b5 10. cxd5 cxd5 11. Nc3 b4 12. Na4 Rc8 13. Nh4 Be6 14. a3 bxa3 15. Bxa3
Re8 16. Qe2 a5 17. Nf3 Rb8 18. Qc2 Bf5 19. Qa2 Ne4 20. Rfc1 e5 21. Bb2 Qe7 22.
Nxe5 Nxe5 23. dxe5 Bxe5 24. Bxe5 Qxe5 25. Nc5 Rb5 26. Nxe4 Bxe4 27. Qd2 Bxg2 28.
Kxg2 Qe4+ 29. Kg1 Rxb3 30. Rxa5 Rd3 31. Qc2 d4 32. Ra4 h5 33. h4 Rd8 34. Rc4 Rd6
35. Re1 Kh7 36. Qe2 Rd5 37. exd4 Qxe2 38. Rxe2 R3xd4 39. Rxd4 Rxd4 40. Re7 Kg7
41. Kg2 Ra4 42. Kf3 Kf6 43. Rb7 1/2-1/2

[Event "AUTO-OPEN-4099"]
[Site "http://www.queenalice.com/game.php?id=1601298"]
[Date "2020.3.1"]
[Round "2"]
[White "RaulSoft"]
[Black "sfinx"]
[Result "0-1"]
[WhiteElo "2623"]
[BlackElo "2349"]

1. d4 Nf6 2. c4 e6 3. Nf3 b6 4. a3 Bb7 5. Bf4 Be7 6. Nc3 O-O 7. e3 Nh5 8. Bg3 d6
9. Be2 Bf6 10. Qd3 Nd7 11. O-O-O a6 12. Nd2 Nxg3 13. hxg3 g6 14. Rh2 Bg7 15.
Rdh1 h6 16. f4 b5 17. Bf3 bxc4 18. Nxc4 d5 19. Ne5 c5 20. g4 Nxe5 21. dxe5 Rb8
22. Qc2 Qc7 23. g5 Rfd8 24. gxh6 Bf8 25. Kb1 c4 26. Ka1 Bc6 27. Qc1 Kh7 28. Rf1
Bc5 29. g4 Bxe3 30. Qxe3 d4 31. Qc1 dxc3 32. Bxc6 cxb2+ 33. Rxb2 Rxb2 34. Qxb2
Qxc6 35. f5 c3 36. Qb3 Rd7 37. Rc1 Rc7 38. Qb4 c2 39. Qd4 gxf5 40. gxf5 Qf3 41.
Ka2 exf5 42. Qg1 Qd5+ 43. Ka1 Qxe5+ 44. Ka2 f4 45. Qg2 Qe6+ 46. Kb2 Qf6+ 47. Ka2
f3 48. Qg3 Rc3 49. Qg7+ Qxg7 50. hxg7 f2 51. g8=Q+ Kxg8 0-1

[Event "AUTO-OPEN-4099"]
[Site "http://www.queenalice.com/game.php?id=1601299"]
[Date "2020.3.1"]
[Round "2"]
[White "sfinx"]
[Black "Artking"]
[Result "1-0"]
[WhiteElo "2241"]
[BlackElo "2065"]

1. g3 c6 2. Nf3 d6 3. d4 Nf6 4. c4 g6 5. Nc3 Bg7 6. Bg2 Nbd7 7. O-O O-O 8. e4 e5
9. h3 Qe8 10. b3 Nh5 11. Qd2 f5 12. exf5 gxf5 13. Ba3 e4 14. Nh4 Qe6 15. Rad1
Ndf6 16. d5 Qe5 17. dxc6 bxc6 18. Bxd6 e3 19. fxe3 1-0

[Event "AUTO-OPEN-4099"]
[Site "http://www.queenalice.com/game.php?id=1601300"]
[Date "2020.3.1"]
[Round "2"]
[White "Artking"]
[Black "sfinx"]
[Result "0-1"]
[WhiteElo "2072"]
[BlackElo "2252"]

1. Nf3 Nf6 2. d4 d5 3. Bf4 c5 4. c3 Nc6 5. e3 e6 6. Bd3 Nh5 7. Bg3 Nxg3 8. hxg3
Qb6 9. b3 g6 10. Nbd2 Bg7 11. Qe2 O-O 12. Ng5 cxd4 13. cxd4 e5 14. dxe5 Nxe5 15.
Bc2 h6 16. Nh3 Bg4 17. f3 Rac8 18. Rc1 Rc3 19. Nf1 d4 20. fxg4 d3 0-1

[Event "AUTO-MASTER-2894"]
[Site "http://www.queenalice.com/game.php?id=1601654"]
[Date "2020.3.4"]
[Round "2"]
[White "sfinx"]
[Black "pizzaiolo72"]
[Result "1-0"]
[WhiteElo "2330"]
[BlackElo "2169"]

1. g3 g6 2. d4 d5 3. Nf3 Bg7 4. Bg2 Nf6 5. O-O O-O 6. c4 c6 7. b3 Bg4 8. Bb2
Nbd7 9. Nbd2 e6 10. Ne5 Nxe5 11. dxe5 Nd7 12. h3 Bf5 13. g4 Bxg4 14. hxg4 Nxe5
15. e3 Qh4 16. Bxe5 Bxe5 17. Nf3 Qf6 18. Nxe5 Qxe5 19. Qe2 g5 20. Rad1 dxc4 21.
Qxc4 Rad8 22. Qb4 Rxd1 23. Rxd1 Qc7 24. Qd4 b6 25. Qf6 1-0

[Event "AUTO-MASTER-2894"]
[Site "http://www.queenalice.com/game.php?id=1601655"]
[Date "2020.3.4"]
[Round "2"]
[White "pizzaiolo72"]
[Black "sfinx"]
[Result "0-1"]
[WhiteElo "2154"]
[BlackElo "2321"]

1. e4 e5 2. Nf3 Nc6 3. Bb5 g6 4. d4 exd4 5. Nxd4 Bg7 6. c3 Nxd4 7. cxd4 c6 8.
Ba4 Ne7 9. O-O d5 10. e5 f6 11. exf6 Bxf6 12. Nc3 O-O 13. Bh6 Rf7 14. b4 Nf5 15.
Be3 Qe7 16. Re1 Qxb4 17. Qd3 Nxe3 18. Rxe3 Bxd4 19. Rb1 Qc5 20. Rf3 Rxf3 21.
Qxf3 Qxc3 22. Qxc3 Bxc3 0-1

[Event "AUTO-OPEN-4101"]
[Site "http://www.queenalice.com/game.php?id=1613575"]
[Date "2020.5.24"]
[Round "2"]
[White "Gera"]
[Black "sfinx"]
[Result "0-1"]
[WhiteElo "2037"]
[BlackElo "2394"]

1. b3 Nf6 2. Bb2 d5 3. d3 c5 4. Nd2 Nc6 5. e4 e5 6. Be2 Be7 7. f4 exf4 8. Bf3 d4
9. Ne2 g5 10. Nc4 g4 11. e5 gxf3 12. gxf3 Nd5 13. a4 Ne3 14. Nxe3 fxe3 15. f4
Bg4 16. h3 Qd5 17. Rh2 Bh4+ 18. Kf1 Qf3+ 19. Kg1 Bf2+ 20. Kf1 Bxh3+ 0-1

[Event "AUTO-OPEN-4101"]
[Site "http://www.queenalice.com/game.php?id=1613576"]
[Date "2020.5.24"]
[Round "2"]
[White "sfinx"]
[Black "Gera"]
[Result "1-0"]
[WhiteElo "2369"]
[BlackElo "2042"]

1. g3 f5 2. d4 Nf6 3. Bg2 d5 4. c4 e6 5. Nf3 c6 6. O-O Nbd7 7. Ng5 Qe7 8. b3 h6
9. Ba3 hxg5 10. Bxe7 Bxe7 11. Qd3 1-0

[Event "AUTO-OPEN-4101"]
[Site "http://www.queenalice.com/game.php?id=1613579"]
[Date "2020.5.24"]
[Round "2"]
[White "Ahlkhanvio"]
[Black "sfinx"]
[Result "0-1"]
[WhiteElo "2570"]
[BlackElo "2409"]

1. d4 Nf6 2. c4 e6 3. Nc3 Bb4 4. Qc2 O-O 5. a3 Bxc3+ 6. Qxc3 b6 7. Bg5 h6 8. Bh4
Bb7 9. f3 d5 10. e3 c5 11. dxc5 bxc5 12. cxd5 Bxd5 13. Rd1 Nbd7 14. Bb5 Qb6 15.
Bxd7 Nxd7 16. Ne2 Qa6 17. e4 Bc6 18. Kf2 c4 19. Be7 Rfb8 20. Bb4 Qb6+ 21. Qd4 a5
22. Bc3 e5 23. Qxb6 Rxb6 24. Rd6 Nc5 25. Rhd1 f6 26. Ke3 Nb7 27. R6d2 Rb8 28.
Ng3 Ba4 29. Rb1 Rb3 30. Ne2 Nc5 31. Rd5 Nb7 32. Rd2 Bc6 33. Rbd1 h5 34. Nc1 Rb6
35. Ne2 Kf7 36. g3 Re8 37. h4 Rb3 38. Nc1 Rb5 39. Ne2 Re7 40. Rf1 Nc5 41. Nc1
Reb7 42. Rfd1 Na4 43. Rc2 Bd7 44. Rdd2 Ke7 45. Na2 Be6 46. Rg2 Ke8 47. Rcd2 Kf7
48. Rgf2 Nc5 49. Nc1 Rb8 50. Rh2 g6 0-1

[Event "AUTO-OPEN-4101"]
[Site "http://www.queenalice.com/game.php?id=1613580"]
[Date "2020.5.24"]
[Round "2"]
[White "sfinx"]
[Black "Ahlkhanvio"]
[Result "1-0"]
[WhiteElo "2395"]
[BlackElo "2595"]

1. g3 d5 2. Nf3 Bg4 3. Bg2 Nd7 4. c4 e6 5. Qb3 Nc5 6. Qc2 c6 7. d3 Nf6 8. O-O
Be7 9. h3 Bh5 10. Be3 Bxf3 11. exf3 d4 12. Bc1 e5 13. f4 exf4 14. Bxf4 O-O 15.
Be5 Ne6 16. Nd2 Nd7 17. Rae1 Nxe5 18. Rxe5 Bd6 19. Re2 Qd7 20. h4 Rae8 21. Bh3
Qc7 22. Bxe6 Rxe6 23. Rxe6 fxe6 24. f4 c5 25. Ne4 Be7 26. Qe2 e5 27. f5 Qc6 28.
Qh5 a6 29. b3 b6 30. Kg2 Bd8 31. Qf3 Qh6 32. Kf2 Qc6 33. Ke2 h6 34. Qg4 Bf6 35.
Qg6 Qb7 36. Kf3 Qf7 37. Kg4 Qe7 38. Kh5 Qf7 39. g4 1-0

[Event "AUTO-OPEN-4101"]
[Site "http://www.queenalice.com/game.php?id=1633409"]
[Date "2020.11.18"]
[Round "3"]
[White "sfinx"]
[Black "Donidon"]
[Result "0-1"]
[WhiteElo "2414"]
[BlackElo "2444"]

1. g3 d5 2. Nf3 Nc6 3. d4 Nf6 4. Bg2 g6 5. O-O Bg7 6. c4 O-O 7. cxd5 Nxd5 8. e3
e5 9. Nxe5 Nxe5 10. dxe5 c6 11. f4 Qb6 12. Qe2 Rd8 13. Kh1 Nb4 14. Nc3 a5 15. b3
Bf5 16. e4 Bd7 17. Be3 Qc7 0-1

[Event "AUTO-OPEN-4101"]
[Site "http://www.queenalice.com/game.php?id=1633410"]
[Date "2020.11.18"]
[Round "3"]
[White "Donidon"]
[Black "sfinx"]
[Result "1-0"]
[WhiteElo "2436"]
[BlackElo "2422"]

1. e4 e5 2. f4 exf4 3. Nf3 Nf6 4. e5 Nh5 5. d4 d5 6. c4 g5 7. g4 dxc4 8. Bxc4
Ng7 9. O-O Bxg4 10. Nc3 Nc6 11. Nd5 Be7 12. b3 Nf5 13. Bb2 Nb4 14. Nxb4 Bxb4 15.
Qd3 Ne3 16. Rf2 Bf5 17. Qe2 1-0